[Event "USA-ch"]
[Site "San Diego"]
[Date "2004.11.25"]
[Round "2"]
[White "Enkhbat, Tegshsuren"]
[Black "Shahade, Jennifer"]
[Result "0-1"]
[WhiteElo "2406"]
[BlackElo "2361"]
[Annotator "Ribli,Z"]
[PlyCount "92"]
[EventDate "2004.11.24"]
[EventType "swiss"]
[EventRounds "9"]
[EventCountry "USA"]
[SourceTitle "CBM 105"]
[Source "ChessBase"]
[SourceDate "2005.04.11"]
[SourceVersion "1"]
[SourceVersionDate "2005.04.11"]
[SourceQuality "1"]

1. d4 Nf6 2. Nf3 e6 3. g3 c5 4. Bg2 cxd4 5. Nxd4 d5 6. c4 (6. O-O $5 {Nach
dieser Zugfolge erscheint mir die Rochade logischer; später kann Weiß c2-c4
ziehen.}) 6... e5 7. Nf3 d4 {Das ist eine spezielle Variante der katalanischen
Verteidigung - Schwarz verfügt über Raumvorteil im Zentrum, aber Weiß kann die
Stellung mit e2-e3 sprengen.} 8. O-O Nc6 9. e3 Bc5 (9... d3) (9... Be7) 10.
exd4 exd4 (10... Bxd4) 11. a3 {Dieser Zug wird selten gespielt. Die
Hauptvariante beginnt mit der logischen Fortsetzung 11.Re1+.} (11. Re1+ $5)
11... a5 12. Ne1 {[%csl Yd3][%cal Ge1d3] Weiß möchte mit dem Springer das
Blockadefeld d3 besetzen. Deshalb erscheint mir 12.Re1+ logischer.} (12. Bg5
O-O 13. Nbd2 Bf5 14. Qb3 h6 15. Bf4 b6 16. Ne5 Nxe5 17. Bxe5 Ra7 18. Qf3 Bg6
19. Bxf6 Qxf6 20. Qxf6 gxf6 21. Ne4 Kg7 22. f4 Bf5 {0-1 Majer,D-Kengis,E/Bad
Zwesten 1997/CBM 57 ext (51)}) (12. b3 O-O 13. Bb2 Bg4 14. h3 Bh5 15. Nbd2 Qd6
16. Re1 Rad8 17. g4 Bg6 18. g5 Nh5 19. Ne4 Bxe4 20. Rxe4 Nf4 {0-1 Carvalho,
H-Rosito,J/Serra Negra 2002/CBM 88 ext (45)}) (12. Qe1+ Be6 13. Ng5 O-O 14.
Nxe6 fxe6 15. Qxe6+ Kh8 16. Bg5 Qb6 17. Nd2 d3 18. Qf5 Rae8 19. Qxd3 Ng4 $40 {
1/2-1/2 Cifuentes Parada,R-Pogorelov,R/Seville 2003/ (43)}) (12. Re1+) 12...
O-O 13. Nd3 Be7 $11 {[%csl Gd3,Gd4] Der Nd3 steht sicher und blockiert den
d-Bauern, aber die schwarze Stellung ist gesund und sein Pd4 ist stark.} 14.
Nd2 (14. b3 Bg4 $15) 14... a4 $1 {[%csl Ga4] Mit diesem typischem Zug gewinnt
Schwarz Raum am Damenflügel und das Feld b3 ist ein positionelles Loch in der
weißen Stellung.} (14... Bg4 15. Nf3 a4 $11) 15. h3 Bf5 16. Nf4 (16. Nf3 Na5
$15 {[%cal Ga5b3,Ga5c4]}) 16... h6 17. Re1 (17. Nd5 Nxd5 18. cxd5 Ne5 $15)
17... Qd7 {Die schwarzen Figuren stehen zentral, da Weiß mit einigen
Entwicklungsproblemen am Damenflügels zu kämpfen hat.} 18. b4 $1 {Mit diesem
Zug schwächt Weiß seine Bauernstruktur, jedoch erlangt er aktives Spiel.} (18.
Nd5 Nxd5 19. cxd5 Na5 $15) 18... axb3 19. Nxb3 Rad8 (19... Rfe8 $11) 20. Nd5 (
20. g4 $5 {Dieser Zug erscheint mir logischer, als die Partiefortsetzung, da
Bg5-e6 weniger stark ist.} Bh7 (20... Be6 21. Qd3 $14) 21. Nd5 Rfe8 22. Bf4 $11
) 20... Rfe8 21. g4 Be6 22. Nxe7+ Rxe7 23. Nc5 (23. g5 hxg5 24. Nc5 Qd6 25.
Nxe6 Rxe6 26. Bxg5 Rxe1+ 27. Qxe1 Re8 $15) 23... Qd6 24. Nxe6 Rxe6 25. Rxe6
Qxe6 $15 {[%csl Gd4,Gd8] Weiß besitzt das Läuferpaar, jedoch verfügt sein
schwarzfeldriger Läufer über keine guten Felder; hingegen ist der schwarze
Freibauer auf d4 sehr stark.} 26. Rb1 d3 $1 {[%csl Gd3] Dieser Bauernvorstoß
ist sehr stark - Weiß muss immer mit der Drohung d3-d2 rechnen.} (26... Rd7 $15
) 27. Bd2 {[%csl Gd2]} (27. Rxb7 $2 Na5 28. Rb4 d2 29. Bxd2 Nxc4 $19 {[%csl
Rd2][%cal Rd8d1]}) 27... Qxc4 (27... Nd4 $1 28. Rxb7 Ne4 $17) 28. Rxb7 Nd4 29.
Kf1 Nd5 {[%csl Gc4,Gd4,Gd5][%mdl 2048] Die schwarzen Figuren stehen viel
aktiver, als das weiße Läuferpaar.} 30. Qe1 $6 {Dieser weiße Damenzug scheint
mir etwas zu passiv.} (30. Qb1 $142 $15) 30... Ne2 (30... Nb3 $17) 31. Qb1 Nec3
(31... Ndf4 32. Qb3 $11) 32. Qb3 Ne4 $1 33. Qb2 (33. Qxc4 $4 Nxd2+ $19 {
[%cal Rd2c4,Rd2f1]}) (33. Bxe4 Qxe4 34. Kg1 Rd6 $17) 33... Nxd2+ 34. Qxd2 Re8 (
34... Qc3 $1 35. Qxc3 (35. Rb2 Qxa3 $17) 35... Nxc3 $19) 35. Bf3 Qd4 36. Qb2
Qxb2 (36... Nc3 $15) 37. Rxb2 Nf4 {[%csl Gd3,Gf4][%mdl 4096] Der Nf4 steht
ausgezeichnet und der Freibauer auf d3 ist immer noch stark.} 38. h4 (38. a4 g5
39. a5 Re5 40. Ra2 d2 41. Rxd2 Rxa5 $15) 38... Rc8 39. Rb1 $2 {Dieser Zug ist
ziemlich passiv, es wäre sinnvoller, den König nach d2 zu überführen.} (39. Ke1
{[%cal Ge1d2]} Rc3 40. Rb8+ Kh7 41. Be4+ g6 42. Kd2 Rxa3 43. Ke3 $11) 39... Rc3
$17 {[%cal Rc3a3]} 40. Rb8+ $2 {Weiß verlässt die Grundlinie, was zum Verlust
der Partei führt.} (40. Be4 g5 41. hxg5 hxg5 42. Ke1 Rxa3 $19) 40... Kh7 41.
Be4+ f5 $1 $19 {Mit diesem Zug gewinnt Schwarz eine Figur und die Partie.} (
41... g6 42. Ke1 Rxa3 $17) 42. Bxf5+ g6 43. Bxg6+ Kxg6 44. Ke1 Rc2 45. Rf8 Re2+
46. Kd1 Nd5 0-1

[Event "UKR-ch 73rd"]
[Site "Kharkov"]
[Date "2004.08.26"]
[Round "2.1"]
[White "Romanishin, Oleg M"]
[Black "Ivanchuk, Vassily"]
[Result "1-0"]
[WhiteElo "2541"]
[BlackElo "2715"]
[Annotator "Ribli,Z"]
[PlyCount "83"]
[EventDate "2004.08.03"]
[EventType "k.o."]
[EventRounds "5"]
[EventCountry "UKR"]
[SourceTitle "CBM 103"]
[Source "ChessBase"]
[SourceDate "2004.11.11"]
[SourceVersion "1"]
[SourceVersionDate "2004.11.11"]
[SourceQuality "1"]

1. d4 d5 2. c4 c6 3. Nf3 Nf6 4. Nc3 e6 5. g3 {Dieser Zug ist riskant, da Weiss
nach 5...dxc4 im folgenden mit Bauernminus weiterspielen muss, aber
Grossmeister Romanishin spielt gern diese zweischneidige Fortsetzung. Die
bekannten Alternativen sind 5.e3, oder 5.Bg5, aber 5.Qb3 ist auch möglich.}
dxc4 6. Bg2 Nbd7 {Schwarz muss so spielen, da Weiss sonst mit 7.Ne5 den Bauern
bei besserer Stellung zurückgewinnt.} 7. O-O b5 8. Bg5 Bb7 9. a4 {Das ist
Romanishins Hausvariante. Weiss hat Aktivität für den Bauern, aber ob diese
Kompensation genügt ist schwer zu sagen.} b4 {Das ist Ivanchuks (natürlich
vorbereitete) Neuerung. Schwarz hat keine Angst von der Schwächung der
Bauernstruktur am Damenflügel, er verjagt den Springer von c3.} (9... a6 10.
Ne5 Qc8 (10... Nxe5 11. dxe5 Qxd1 12. Rfxd1 Nd5 13. axb5 cxb5 14. Nxd5 exd5 15.
Bxd5 Bxd5 16. Rxd5 Be7 17. Bd2 O-O 18. e4 Rfc8 {1/2-1/2 Agdestein,S-Antunes,A/
Yerevan 1996/EXT 97 (56)}) 11. Qc2 h6 12. Nxd7 Qxd7 13. Bxf6 gxf6 14. Ne4 Be7
15. Rfd1 Rd8 16. b3 cxb3 17. Qxb3 Qc7 18. Rac1 {1-0 Izoria,Z-Timofeev,A/
Oropesa del Mar 2001/EXT 2002 (48)}) (9... Qb6 10. Ne5 Rd8 (10... Nxe5 11. a5
$2 {Ich glaube, dieser Zug ist schlecht, da der Damenflügel geschlossen wird.}
({Viel besser scheint die Fortsetzung} 11. dxe5 Nd5 12. axb5 Nxc3 13. bxc3 cxb5
14. Bxb7 Qxb7 15. Qd4 {wonach Weiss gute Kompensation bekommt, aber Schwarz
kann sich mit} Qd7 16. Qe4 Qd5 {verteidigen.}) 11... Qa6 12. dxe5 Nd5 13. Ne4 {
Diese Fortsetzung gefällt mir auch nicht, aber im Falle von 13.e4 kann Schwarz
entweder mit Nxc3 oder mit Nb4 fortsetzen.} h6 {1/2-1/2 Kortschnoj,V-Luther,T/
Essen 2002/CBM 90/[Kortschnoj] (20)}) (10... Be7 {Nach diesem Zug Weiss
bekommt die Initiative.} 11. Nxd7 Nxd7 12. Bxe7 Kxe7 13. e4) 11. a5 (11. Nxd7
Rxd7 12. Bxf6 gxf6 13. e3 f5 14. b3 Bb4 {1/2-1/2 Romanishin,O-Sveshnikov,E/
Bled 1998/EXT 99 (41)}) 11... Qa6 12. Nxd7 Rxd7 13. Bxf6 gxf6 14. Ne4 Be7 15.
Qc1 {Weiss hat spürbare Kompensation.} (15. b4 $5) 15... c5 16. Nxc5 Bxc5 17.
Bxb7 Qxb7 18. dxc5 Qd5 19. b4 {1/2-1/2 Romanishin,O-Sveshnikov,E/Nova Gorica
1999/CBM 68 ext (64)}) 10. Ne4 c5 {Das ist die schwarze Idee, er legt schnell
die Diagonale des b7-Läufers frei.} 11. Nfd2 {[%cal Gg2a8,Gd2c4,Ga1c1] Weiss
öffnet ebenfalls die Diagonale des katalanischen g2-Läufers und nimmt den
c4-Bauern aufs Korn.} (11. Ne5 Qc7 (11... Nxe5 12. Nxf6+ (12. Bxf6 gxf6 13.
Nxf6+ Qxf6 14. Bxb7 Rd8 15. dxe5 Qxe5 16. Bc6+ Ke7 17. Qc2 c3 $17) 12... gxf6
13. Bxb7 fxg5 14. dxe5 (14. Bxa8 cxd4 $15) 14... Qxd1 15. Rfxd1 Rd8 16. Bc6+
Ke7 17. Rxd8 Kxd8 18. Rd1+ Kc7 19. Bb5 $11) 12. Bxf6 Nxf6 13. Nxf6+ gxf6 14.
Nxc4 Bxg2 15. Kxg2 Rd8 $15) 11... Qc7 (11... Bd5 12. dxc5 Rc8 13. Rc1 Nxc5 14.
Nxc5 Bxg2 15. Bxf6 gxf6 16. Kxg2 Rxc5 17. Nxc4 $14 {[%csl Gc4]}) 12. Bf4 Qc8
13. Rc1 $44 {[%csl Gc1][%cal Gc1c8] Weiss hat Kompensation für den Bauern.} (
13. Nxf6+ Nxf6 14. Nxc4 Bxg2 15. Kxg2 Qc6+ 16. f3 Qd5 $15) 13... Nxe4 14. Nxe4
f5 15. Nxc5 (15. Nd6+ Bxd6 16. Bxb7 Qxb7 17. Bxd6 $44) 15... Nxc5 16. dxc5 Bxg2
17. Kxg2 Qxc5 18. e4 $1 {[%csl Re8] Weiss öffnet die Stellung, was für Schwarz
unangenehm ist, da sein König noch in der Mitte steht.} Qc6 (18... fxe4 19. Re1
Qd5 20. Qe2 $44) 19. Qd4 Rc8 (19... Qxe4+ 20. Qxe4 fxe4 21. Rxc4 $16 {Weiss
gewinnt den Bauern zurück mit viel besserer Bauernstruktur.}) 20. Rfe1 Kf7 {
[%mdl 256] Schwarz verteidigt sich gut, der König verlässt die e-Linie.} (20...
c3 21. bxc3 bxc3 22. Be5 $14) 21. f3 (21. Qxa7+ Kg6 $13) 21... Kg6 (21... fxe4
22. Rxe4 Qxa4 23. Rxe6 $1 $36 Kxe6 $2 24. Re1+ Kf7 25. Qd5+ $18) 22. exf5+ exf5
23. Re5 {[%csl Gc1,Gd4,Ge5][%cal Gc1e1,Ge1e8] Die weissen Schwerfiguren
dominieren auf dem Brett, Weiss droht nun mit der Verdopplung der Türme auf
der e-Linie.} h6 {[%cal Gg6h7] Auf diese Weise öffnet sich Schwarz das
Schlupfloch h7 für seinen König.} 24. Rce1 Kh7 25. Rxf5 {Die Stellung ist
materiell gleich und Schwarz hat seine Chancen am Damenflügel. Andererseits
steht der schwarze König nicht in voller Sicherheit.} c3 26. b3 $1 {Weiss
überlässt Schwarz den verteidigten c3-Bauern, welcher aber nur scheinbar stark
ist, da Weiss seine Chancen am Königsflügel hat.} (26. bxc3 bxc3 (26... Qxc3
27. Qe4 Rc4 $15) 27. Qd3 Qc4 28. Qc2 $16) 26... Qg6 27. g4 c2 (27... Re8 28.
Rxe8 Qxe8 29. Be3 $14) 28. h4 $16 {[%cal Gh4h5]} Rc3 29. Qe4 {[%csl Rg6,Rh7]
[%cal Re4h7]} Qc6 $4 {[%mdl 8192] Mit diesem schlechtem Zug verliert Schwarz
eine Figur.} (29... Rg8 30. Bd2 (30. Bxh6 Qc6 (30... gxh6 31. h5 $18 {Und wenn
die g6Q weggeht kommt 32.R f7+ und 33.Qh7#.}) 31. Qxc6 (31. Rd5+ Qg6) 31...
Rxc6 32. Bc1 $14) 30... Rc8 31. Bxh6 Qc6 32. Rd5+ Qg6 33. Bg5 Qxe4 34. fxe4 $16
) 30. Rxf8+ {Auf diese Weise Weiss gewinnt einfach den Läufer, der Zwischenzug
31.Rxh8 kommt mit Schach.} Qxe4 31. Rxh8+ Kxh8 32. Rxe4 Rxb3 (32... c1=Q 33.
Bxc1 Rxc1 34. Rxb4 $18) 33. Rc4 $18 {Mit einer Figur mehr gewinnt Weiss leicht.
} Rb2 34. Bc1 Ra2 35. g5 $1 (35. Rxb4 Ra1 36. Bf4 c1=Q 37. Bxc1 Rxc1 38. Rb7
$18) 35... hxg5 (35... Ra1 36. g6 $18) 36. hxg5 Kh7 37. Rxb4 Ra1 38. Rh4+ Kg6
39. Rh1 Rxa4 40. Kf2 Rd4 41. Ke2 a5 42. Be3 1-0

[Event "ISR-ch"]
[Site "Beersheba"]
[Date "2014.06.20"]
[Round "4"]
[White "Birnboim, Nathan"]
[Black "Roiz, Michael"]
[Result "0-1"]
[WhiteElo "2333"]
[BlackElo "2589"]
[Annotator "Roiz,M"]
[PlyCount "80"]
[EventDate "2014.06.17"]
[EventType "swiss"]
[EventRounds "9"]
[EventCountry "ISR"]
[SourceTitle "CBM 161"]
[Source "ChessBase"]
[SourceDate "2014.07.16"]
[SourceVersion "1"]
[SourceVersionDate "2014.07.16"]
[SourceQuality "1"]

{That game was played in the 4th round after I had had 3 disappointing draws.} 
1. d4 d5 2. c4 e6 3. Nf3 Nf6 4. g3 Bb4+ 5. Bd2 Bd6 {Nathan has a lot of
experience in the Catalan, but this system came as a surprise.} 6. Bg2 c6 7.
Qb3 {This move is quite rare in this particular position.} ({The most popular
setup here is} 7. Qc2 O-O 8. O-O Nbd7 9. Bg5 ({Or} 9. Rd1)) 7... O-O 8. O-O
Nbd7 9. Bb4 {In my opinion, this approach is not promising at all.} (9. Nc3 $5
dxc4 10. Qxc4 e5 11. Rad1 {deserves more attention.}) 9... Bxb4 (9... c5 $6 {
doesn't make sense:} 10. dxc5 (10. Ba3 $5) 10... Nxc5 11. Bxc5 Bxc5 12. Nc3 $14
{with stable pressure.}) 10. Qxb4 a5 11. Qc3 ({Another continuation -} 11. Qb3
{can hardly change the evaluation:} b6 (11... b5 12. c5 b4 13. Nbd2 Ba6 14.
Rfe1 Qc7 15. e4 dxe4 16. Nxe4 Nxe4 17. Rxe4 Nf6 18. Ree1 Bb5 19. Ne5 $14 {
0-1 Bareev,E (2707)-Shirov,A (2715)/Monte Carlo 2002/CBM 087 ext (21)}) 12. Nc3
Ba6 13. cxd5 cxd5 $11) 11... b6 $146 {A natural novelty. The queen is somewhat
misplaced on c3, so I was trying to push c6-c5 as soon as possible.} ({In the
preceding games Black successfully solved all the problems after} 11... b5 $5
12. c5 (12. cxb5 cxb5 $11 {is very comfortable for Black.}) 12... b4 13. Qc2
Ba6 14. Re1 Ne4 15. Nbd2 (15. Ne5 Nexc5 $1 16. Nxc6 Qf6 17. dxc5 Rfc8 18. Nxa5
Rxc5 $36 {0-1 Lependin,A (2393)-Landa,K (2614)/Krasnoyarsk 2003/CBM 098/
[Ftacnik,L] (27)}) 15... f5 16. Ne5 Nxe5 17. dxe5 Nxd2 18. Qxd2 Qb8 19. Qd4 Qb5
$11 {1/2-1/2 Ider,B (2377)-Riff,J (2445)/Sautron FRA 2013 (40)}) 12. Nbd2 {
Keeping the pressure on.} ({After} 12. cxd5 cxd5 13. Rc1 Ba6 14. Qe3 $11 {
there is a boring equal position on the board.}) 12... Bb7 {Everything is
ready for a freeing c6-c5 advancement.} ({Another decent option was} 12... Ba6
$5 13. Rfe1 c5 14. e4 dxc4 15. Nxc4 Qc7 $11) 13. Ne5 {White is freeing a way
for the e-pawn, so I had to react somehow.} (13. Rfd1 c5 14. Rac1 $11) 13... c5
({After} 13... Nxe5 14. dxe5 Nd7 15. cxd5 (15. Rac1 $11) 15... exd5 16. f4 $11
{White is ready to push e2-e4 again.}) 14. Nxd7 ({Deviating from} 14. Rfd1 Nxe5
(14... Rc8 $5) 15. dxe5 d4 16. Qd3 Bxg2 17. Kxg2 Nd7 18. f4 $11 {in the
resulting position White is by no means not worse, but things are becoming
more complicated.}) 14... Qxd7 15. Rfd1 Rfc8 {I had to choose between
different setups for my rooks. It is always a tough task.} (15... Rfd8 $5 16.
Rac1 (16. dxc5 d4 17. Qa3 Bxg2 18. Kxg2 Qc6+ 19. Qf3 Qxf3+ (19... Qxc5 20. Nb3
$1 Qxc4 21. Nxd4 $14) 20. Nxf3 bxc5 $15) 16... Rac8 17. Qb3 Qc7 18. dxc5 Qxc5
19. h3 $11) 16. b3 $6 {The first inaccuracy. Nathan spends a tempo weakens
some dark squares.} (16. e4 $5 dxe4 17. dxc5 Qc7 18. cxb6 Qxb6 19. Rac1 $132) (
16. Rac1 Qe7 17. Qe3 $11) 16... Qc7 $6 {Returning the favour.} ({There was the
much stronger and energetic} 16... b5 $1 17. Nf3 (17. cxd5 Nxd5 18. Qb2 cxd4
19. Qxd4 Qc7 $15) 17... dxc4 18. Ne5 Qc7 19. Bxb7 Qxb7 20. bxc4 b4 21. Qe3 Ne4
$15) 17. Rac1 cxd4 18. Qxd4 e5 {Black is trying to change the character of the
play, but the position is about equal.} 19. Qh4 {This move is a bit risky,
since the queen is restricted there. However, White has a concrete idea.} (19.
Qd3 d4 20. Bxb7 Qxb7 21. e3 $11) 19... d4 20. Ne4 Bxe4 ({After} 20... Nxe4 21.
Bxe4 h6 22. e3 dxe3 23. fxe3 $11 {White has no problems due to a control over
the d-file.}) 21. Bxe4 Rab8 22. Bf5 $5 {White has only 2 pieces in the attack,
but there is still some pressure on my king.} Rd8 {This move looks natural -
supporting the Pd4 may be useful for pushing e5-e4 in the future.} (22... Re8
23. g4 h6 24. g5 hxg5 25. Qxg5 Qe7 (25... e4 26. c5 $1 bxc5 27. Rxc5 $132) 26.
Rd3 g6 27. Rh3 Nh7 28. Qh6 Qg5+ 29. Qxg5 Nxg5 30. Rg3 Ne6 31. Bxe6 Rxe6 32. Rd3
$11) 23. Rd3 $138 {That was played after a long meditation.} ({A better move
was} 23. g4 $142 h6 (23... e4 24. g5 Qe5 25. Qh3 Nh5 26. Bxh7+ Kxh7 27. Qxh5+
Kg8 $44) 24. g5 hxg5 25. Qxg5 $132 {with double-edged play.}) 23... Qc5 {
This move is not so bad, but it was connected with a tactical blunder.} ({
I have missed a nice prophylactic resourse:} 23... h6 $1 24. g4 (24. e3 dxe3
25. Rxe3 Rd4 26. Qh3 e4 27. Rce1 Re8 $15) 24... e4 25. Rg3 Qf4 $15) 24. g4 $6 {
Now things are getting more interesting!} ({A quiet equal position would arise
after} 24. e3 h6 (24... dxe3 25. Bxh7+ Kf8 26. Rxe3 Rd4 27. Qh3 $14) 25. exd4
Rxd4 26. Rxd4 exd4 27. Qf4 $11) 24... h6 ({Once again, missing a nice
prophylactic way to parry the threats:} 24... Rd6 $1 25. Rh3 (25. g5 e4 $1 26.
Rg3 Qxf5 27. gxf6 Rxf6 $17) (25. e3 h6 26. g5 hxg5 27. Qxg5 Re8 28. e4 Kf8 $15)
25... h6 26. g5 Nd5 $1 $15) ({I had completely forgotten about} 24... e4 $6 25.
Bxh7+ $1 Kf8 (25... Nxh7 26. Rh3 $16) 26. Rg3 $14) 25. g5 hxg5 ({I rejected} 
25... e4 26. Rg3 Qxf5 27. gxf6 g6 {in view of:} 28. Rg4 (28. Qxh6 Qxf6 $132)
28... Re8 29. Rf4 Qg5+ 30. Qxg5 hxg5 31. Rg4 $11) 26. Qxg5 Kf8 {The king is
quite safe at the moment, but the position is double-edged.} 27. Rg3 (27. Rh3
Ke7 28. e3 d3 $132) (27. h4 $5) 27... Ke7 28. Rd1 $2 {Mistakes are unavoidable
in such a sharp positions, especially when you have 2 minutes left on your
clock!} ({The pawn was poisoned:} 28. Qxg7 $2 Rh8 $1 29. Bg6 (29. Rg6 Qd6 30.
c5 bxc5 31. Rxc5 Rbg8 32. Rc7+ Qxc7 33. Qxf6+ Kf8 $17) 29... Rbf8 30. Rf3 Qd6
31. c5 bxc5 32. Rxc5 Rhg8 33. Rc7+ Kd8 $19) ({But White should have opted for} 
28. f4 $5 d3+ 29. e3 d2 30. Rd1 Rd6 31. Bc2 $132) ({Or} 28. e3 $5 d3 29. Rd1 d2
30. Bc2 $132) 28... Rh8 $1 {Now Black takes over the initiative.} 29. Bb1 (29.
Bg4 e4 $36) 29... Rh5 30. Qd2 Rbh8 {Obviously, White is under attack now.} 31.
Rg2 g6 {A useful restricting move.} (31... Rh3 32. Bf5 R3h4 33. e3 g6 34. Bc2
dxe3 35. fxe3 $17) 32. e3 {Otherwise there is no way to activate the pieces.}
Rh4 (32... dxe3 $5 33. fxe3 Rh3 34. Re1 R8h4 $17) 33. Qe2 $2 {The decisive
mistake.} (33. exd4 Rxd4 34. Qe1 Rxd1 35. Qxd1 Nh5 $19) (33. Re1 $142 dxe3 34.
Qxe3 $17) 33... dxe3 34. fxe3 (34. Qxe3 Qxe3 35. fxe3 Ng4 $19) 34... Rh3 {
Now White has too many weaknesses, so the game ends soon.} 35. Re1 R8h4 36. Bc2
e4 $1 {White is almost paralysed.} 37. Qd2 (37. Bd1 Nd7 $1 38. Qf2 Ne5 $19)
37... Ng4 38. Bxe4 Nxh2 $2 {That natural move is inaccurate.} ({There were
some convincing ways:} 38... Nxe3 39. Bd5 Kf8 $19) (38... Rxh2 39. Rxh2 Rxh2
40. Re2 Rxe2 41. Qxe2 Qxe3+ $19) 39. Bd5 $2 ({Missing the last chance to stay
in the game:} 39. Qd5 $1 Ng4 40. Rd2 Qxd5 41. Bxd5 $17 {the resulting endgame
is still very difficult, but White keeps some drawish chances.}) 39... Ng4 {
Now the monarch is helpless.} 40. Rge2 Qd6 ({White resigns in view of} 40...
Qd6 41. Kf1 Qf6+ 42. Kg1 Rg3+ 43. Rg2 Rh2 44. Rxg3 Rxd2 $19) 0-1